000 00492nam a2200181Ia 4500
005 20250508152714.0
008 008 250505s9999 xx 000 0 eng d
037 _aTextual
040 _aFEDL
_beng
_cFEDL
041 _aeng
_2eng
084 _a915.4, HUS
_qFEDL
100 _aHusain S Abid
245 0 _aNational culture of India
260 _aBombay, India
_bAsia Publishing House
_c1961
300 _axi,237p.
942 _cTEXL
_h915.4, HUS
999 _c1338174
_d1338174